Statistics for 20 English Soccer Premier League Teams 2014/2015

Click here to take the quiz!

General Stats

  • This quiz has been taken 1,129 times
  • The average score is 14 of 20

Answer Stats

HintAnswer% Correct
AArsenal
96%
MManchester United
95%
MManchester City
94%
CChelsea
92%
LLiverpool
88%
AAston Villa
82%
EEverton
80%
QQueens Park Rangers
70%
SSouthampton
68%
TTottenham Hotspur
67%
CCrystal Palace
63%
BBurnley
62%
SSunderland
62%
HHull City
60%
LLeicester City
60%
NNewcastle United
60%
WWest Ham United
59%
SStoke City
52%
SSwansea City
45%
WWest Bromwich Albion
42%

Score Distribution

Percentile by Number Answered

Percent of People with Each Score

Your Score History

You have not taken this quiz